The new competitors : How foreign investors are changing the US economy

The rising tide of foreign investment in America; The domestic consequences of foreign investment; Policies toward foreign investment.

Guardado en:
Detalles Bibliográficos
Autor principal: Glickman, Norman J.
Formato: Libro
Lenguaje:Undetermined
Publicado: New York Basic Books 1992
Materias:
Etiquetas: Agregar Etiqueta
Sin Etiquetas, Sea el primero en etiquetar este registro!
Thư viện lưu trữ: Trung tâm Học liệu Trường Đại học Cần Thơ
LEADER 00786nam a2200217Ia 4500
001 CTU_221719
008 210402s9999 xx 000 0 und d
082 |a 332.6 
082 |b G559 
100 |a Glickman, Norman J. 
245 4 |a The new competitors : 
245 0 |b How foreign investors are changing the US economy 
245 0 |c Norman J. Glickman, Douglas P. Woodward 
260 |a New York 
260 |b Basic Books 
260 |c 1992 
520 |a The rising tide of foreign investment in America; The domestic consequences of foreign investment; Policies toward foreign investment. 
650 |a Investments, Foreign,Đầu tư, nước ngoài 
650 |z United States,Hoa Kỳ 
904 |i my, Trúc 
980 |a Trung tâm Học liệu Trường Đại học Cần Thơ